| 000 | 00413nam a2200121Ia 4500 | ||
|---|---|---|---|
| 008 | 160712s9999 xx 000 0 und d | ||
| 100 | _aRodriguez | ||
| 245 |
_cBenjamin C. Sandoval, Rafael A. Rodriguez _aForeign Diversification of Philippine Firms |
||
| 260 |
_c2016 _bPhilippine Management Review |
||
| 300 | _avol. 23 | ||
| 650 | _xMANAGEMENT | ||
| 856 | _uhttp://journals.upd.edu.ph/index.php/pmr/issue/view/540 | ||
| 999 |
_c296996 _d296996 |
||